| 000 | 00664nam a22002177a 4500 | ||
|---|---|---|---|
| 999 |
_c2934 _d2934 |
||
| 003 | AR-CdUCM | ||
| 008 | 190305b ||||| |||| 00| 0 Spa d | ||
| 040 |
_aMUNICIPALIDAD PROVINCIAL DEL CUSCO _cBIBLIOTECA MUNICIPAL DEL CUSCO |
||
| 082 |
_a869.56 / _bA36 |
||
| 100 |
_aAlcalde Palomino, Manuel _910073 |
||
| 245 | _aPara llegar al viento / | ||
| 260 |
_aTrujillo : _bUniversidad Nacional de Trujillo _c1981. |
||
| 300 |
_a34 páginas ; _c19 cm. |
||
| 440 |
_aRaíces del Fuego _n1 _910074 |
||
| 500 | _aDonación de la familia Nieto | ||
| 650 |
_aPoesía _9139 |
||
| 650 |
_aSiglo XX _98 |
||
| 650 |
_aTrujillo _9297 |
||
| 942 |
_2ddc _cLIBROS |
||
| 945 | _araen | ||